00759nam a22002177a 450000500170000000800410001702000180005804000070007604100120008308200160009510000320011124500310014326000610017430000240023536500570025965000300031665000240034694200120037099900190038295201400040120260407102716.0260407b |||||||| |||| 00| 0 eng d a9789389688030 cAL aEnglish a519.4bPUNA aSudhir Kumar Pundir9260435 aApplied numerical analysis aNew DelhibCBS Publishers and Distributors Pvt Ltdc2020 a663p.bPBc24x17cm. aVBI-2645b₹506.25c₹d₹675.00e25%f20-02-2026 aNumerical methods9260436 aMathematics9260437 2ddccBK c241152d241152 00102ddc40708ISEaSEbSEd2026-03-06eVidyarthi Booksg506.25l0o519.4 PUNApSE000300r2026-04-07 10:29:55v675.00w2026-02-20yBK